Statistics for Top 10 most important and famous people from Cuba

Click here to take the quiz!

General Stats

  • This quiz has been taken 18 times
  • The average score is 5 of 10

Answer Stats

HintAnswer% Correct
Revolutionary and politician who was the leader of Cuba from 1959 to 2008Fidel Castro
100%
Leader of Cuba from 2011 to 2021Raúl Castro
100%
Military officer and politician who served as the elected president of Cuba from 1940 to 1944 and military dictator from 1952 to 1959, when he was overthrown by the Cuban RevolutionFulgencio Batista
67%
Female singer, Rhythm Is Gonna Get You, 1-2-3, Don't Wanna Lose YouGloria Estefan
61%
Actor famous for his roles in The Untouchables and The Godfather Part IIIAndy García
39%
High jumper who holds the current world record from 1993Javier Sotomayor
39%
The Cuban national hero for his role in the liberation of his country from SpainJosé Martí
33%
Runner, the only athlete to win both the 400 and 800 m Olympic titles, which he achieved in 1976Alberto Juantorena
22%
Independence War hero and First President of CubaCarlos Manuel de Céspedes
17%
Novelist and musicologist who greatly influenced Latin American literature during its famous boom periodAlejo Carpentier
11%

Score Distribution

Percentile by Number Answered

Percent of People with Each Score

Your Score History

You have not taken this quiz